Les interprètes francophones de Jacques Brel - Statistiques

Statistiques générales
  • Ce quiz a été pris 20 fois
  • Le résultat moyen est 24 sur 93
Statistiques - réponses
Quand ? Quoi ? Qui ?
Indice
bonus
% Correct
2003 Sur la place Arthur {H} H
94%
1983 1994 2012 Un enfant Quand on n'a que l'amour Ne me quitte pas Céline {Dion} D
94%
1972 1995 1999 Ne me quitte pas La chanson des vieux amants Vesoul Sylvie {Vartan} V
94%
1984 2006 2012 Ne me quitte pas La Quête Quand on n'a que l'amour Johnny {Hallyday} H
89%
1954 1961 1971 1988 Ca va On n'oublie rien La chanson des vieux amants On n'oublie rien... Juliette {Gréco} G
83%
1989 La chanson des vieux amants Maxime {Le Forestier} L
83%
2007 A mon dernier repas Vesoul La chanson de Jacky Orly Mathilde... Florent {Pagny} P
78%
1997 Le plat pays Ne me quitte pas Nana {Mouskouri} M
72%
2005 Quand on n'a que l'amour Patricia {Kaas} K
72%
1962 Les crocodiles Sacha {Distel} D
72%
1998 Ne me quitte pas Hugues {Aufray} A
67%
1995 1991 Fernand Jef Patrick {Bruel} B
67%
1968 Un enfant Petula {Clark} C
67%
1974 Mathilde Claude {Nougaro} N
61%
2009 Quand on n'a que l'amour Grégory {Lemarchal} L
61%
1998 Quand on n'a que l'amour Guesch {Patti} P
61%
1993 1998 Quand on n'a que l'amour Amsterdam Michèle {Torr} T
61%
1998 La Fanette Yves {Duteil} D
61%
2007 La chanson des vieux amants Michel {Jonasz} J
56%
Divers Ne me quitte pas Mireille {Mathieu} M
56%
1979 J'arrive Le prochain amour Dors ma mie On n'oublie rien Les Biches... Serge {Lama} L
56%
1998 Les Bourgeois Serge {Reggiani} R
56%
2003 Voir un ami pleurer Stephan {Eicher} E
56%
1973 Ne me quitte pas Daniel {Guichard} G
50%
1980 La Quête Julien {Clerc} C
50%
1998 Au suivant Matthieu {Chedid} C
44%
1998 Ces gens-là Michel {Delpech} D
39%
1998 Jacky Nicolas {Peyrac} P
39%
2005 Madeleine La Quête La chanson des vieux amants Orly Heureux... Pierre {Bachelet} B
39%
2003 Le tango funèbre Alain {Bashung} B
33%
Divers Ne me quitte pas Amsterdam Le plat pays La Fanette Les prénoms de Paris... Isabelle {Aubret} A
33%
1999 Amsterdam Isabelle {Boulay} B
28%
2003 Ces gens-là Yann {Tiersen} T
28%
1995 2003 2004 Le Bon Dieu La la la Voir un ami pleurer {Arno] A
22%
2001 2003 2004 Les vieux Madeleine Fils de... Les Bourgeois... Bruno {Brel} B
22%
1980 Quand on n'a que l'amour {Dalida} D
22%
1998 Ne me quitte pas Frida {Boccara} B
22%
1971 1982 Ces gens-là Le Moribond Groupe {Ange} A
22%
2005 Ne me quitte pas Groupe les {Enfoirés} E
22%
2003 Ces gens-là Groupe {Noir} {Désir} ND
22%
Divers Jaurès Groupe {Zebda} Z
22%
1961 Les Flamandes Je ne sais pas Voici Seul Le fou du roi {Barbara} B
17%
1983 2003 L'Eclusier Jef Dick {Annegarn} A
17%
2001 Ne me quitte pas Natacha {Atlas} A
17%
1964 Je m'en remets à toi Charles {Dumont} D
11%
2005 La Quête Eric {Morena} M
11%
2003 Ne me quitte pas {Faudel} F
11%
1998 Mathilde Gérard {Berliner} B
11%
1994 Ne me quitte pas Groupe {Ludwig} {von} 88 LV
11%
1960 On n'oublie rien Jean-Claude {Pascal} P
11%
1998 La Quête Jo {Lemaire} L
11%
2003 2013 2015 Fils de ... Avec élégance Bruxelles {Kent} K
11%
1992 Ne me quitte pas Catherine {Ribeiro} R
6%
Divers Vesoul Fabien {Martin} M
6%
2000 Amsterdam Groupe {I} {Muvrini} IM
6%
2004 La chanson de Jacky Le Moribond Groupe les {Croquants} C
6%
2003 Les Vieux Groupe les {Têtes} {Raides} TR
6%
1998 Vesoul Jean {Guidoni} G
6%
1979 1984 Quand on n'a que l'amour Ne me quitte pas Nicole {Martin} M
6%
1967 Ne me quitte pas Renée {Claude} C
6%
1958 1959 Il nous faut regarder Sur la place, Heureux Je ne sais pas Ne me quitte pas Simone {Langlois} L
6%
2003 Quand on n'a que l'amour ? Thierry {Amiel} A
6%
2004 Sur la place Il neige sur Liège Amsterdam J'arrive Orly... Anne {Peko} P
0%
2000 La valse à 1000 temps Annie {Royer} R
0%
1988 Ne me quitte pas {Caravelli} C
0%
2000 Ne me quitte pas Claude {Challe} C
0%
1993 Les Bourgeois Dédé {Traka} T
0%
2000 Les paumés du petit matin La valse à 1000 temps La chanson de Jacky La Statue Dominique {Horwitz} H
0%
1993 Les Désespérés France {Castel} C
0%
1993 Comment tuer l'amant de sa femme Gildor {Roy} R
0%
1993 Ces gens-là Groupe {French} B F
0%
1998 2004 Grand Jacques Marieke Groupe {Lais} L
0%
2011 Amsterdam Groupe les {Marins} d'{Iroise} MI
0%
Divers Vesoul Groupe les {Zinzin} Z
0%
2000 Vesoul Groupe {Louise} {Attaque} LA
0%
2000 Ne me quitte pas Hamed {Daye} D
0%
1992 Quand on n'a que l'amour Ne me quitte pas Henry Pelissier P
0%
1997 Madeleine Rosa Les Vieux Mathilde... Jacques {Grillot} G
0%
1993 1998 Madeleine Mon enfance Les prénoms de Paris L'Ivrogne Les Marquises Jean-Claudes {Seferian} S
0%
2006 Vesoul Jean-Louis {Daulne} D
0%
1993 La chanson des vieux amants Jean-Louis {Millette} M
0%
2004 La Quête Jean-Sébastien {Lavoie} L
0%
2003 Ne me quitte pas Jocelyne {Jocya} J
0%
1998 Jaurès Léon {Rosselon} R
0%
1969 Hé ! M'man Martine {Baujourd} B
0%
1998 Madeleine Michel {Ricard} R
0%
1966 Une île Nicole [Perrier} P
0%
2003 L'amour est mort La chanson de Jacky Jef Mon père disait Ces gens-là Olivier {Laurent} L
0%
Divers Ces gens-là Oxmo [Puccino} P
0%
Divers Jef Bruxelles Madeleine Comment tuer l'amant de sa femme... Les Bonbons... Pascal {Deman} D
0%
2006 20 chansons Philippe {Callens} C
0%
1993 La Quête Sylvie {Tremblay} T
0%
1993 Quand on n'a que l'amour Syvlie {Legault} L
0%
Aucun quiz correspondant
Distribution des résultats
% des personnes avec chaque résultat
Percentile par nombre de réponses
Votre historique - résultats
Vous n’avez pas pris ce quiz